[Event "DEM U10 2019"]
[Site "Willingen GER"]
[Date "2019.06.12"]
[Round "7"]
[White "Scheerer, Julian"]
[Black "Aniol, Nico"]
[Result "0-1"]
[Termination "normal"]
[Board "16"]
[WhiteElo "1395"]
[BlackElo "1406"]
[PlyCount "72"]
[WhiteFideId "16265769"]
[BlackFideId "16287096"]
[EventCountry "GER"]
[EventRounds "11"]
[EventType "swiss"]
[EventDate "2019.06.08"]

1. e4 d5 2. exd5 Nf6 3. Bb5+ Bd7 4. Be2 Nxd5 5. Nf3 Nc6 6. d4 e6 7. O-O Be7 8.
a3 a6 9. c4 Nf6 10. Nc3 O-O 11. h3 b6 12. Be3 Bc8 13. Qc2 Bb7 14. Rfd1 Re8 15.
Ne5 Qd6 16. Bf3 h6 17. Rd2 Rab8 18. Nxc6 Bxc6 19. Bxc6 Qxc6 20. Rad1 Qxc4 21.
d5 exd5 22. Nxd5 Qxc2 23. Rxc2 Nxd5 24. Rxd5 Bd6 25. Kf1 Kf8 26. Re2 Red8 27.
Kg1 Bh2+ 28. Kxh2 Rxd5 29. Kg3 f5 30. h4 Kf7 31. f4 Rd3 32. Kf2 Re8 33. g3 b5
34. h5 a5 35. Re1 Rb3 36. Re2 c6 0-1

[Event "DEM U10 2019"]
[Site "Willingen GER"]
[Date "2019.06.12"]
[Round "7"]
[White "Meng, Yuxuan"]
[Black "Goldmann, David"]
[Result "1-0"]
[Termination "normal"]
[Board "17"]
[WhiteElo "1288"]
[BlackElo "1477"]
[PlyCount "65"]
[WhiteFideId "16258231"]
[BlackFideId "16268920"]
[EventCountry "GER"]
[EventRounds "11"]
[EventType "swiss"]
[EventDate "2019.06.08"]

1. e4 c5 2. Nc3 d6 3. g3 Nf6 4. Bg2 g6 5. d3 Bg7 6. Be3 O-O 7. Qd2 Nc6 8. Nge2
e6 9. f4 d5 10. Bxc5 Re8 11. e5 Nd7 12. Bf2 Bh6 13. d4 Nb6 14. b3 f6 15. Be3 a5
16. a4 Nb4 17. Nb5 fxe5 18. dxe5 Nd7 19. O-O Bf8 20. Qc3 Nc6 21. Ned4 Bb4 22.
Nxc6 Bxc3 23. Nxd8 Rxd8 24. Nxc3 b6 25. Nb5 Ba6 26. c4 Bxb5 27. axb5 Rac8 28.
cxd5 Rc3 29. dxe6 Rxe3 30. exd7 Rxd7 31. Rfd1 Rxd1+ 32. Rxd1 Kg7 33. Bd5 1-0

[Event "DEM U10 2019"]
[Site "Willingen GER"]
[Date "2019.06.12"]
[Round "7"]
[White "Kuhlmann, Nils Magnus"]
[Black "Kullmann, Theo"]
[Result "1/2-1/2"]
[Termination "normal"]
[Board "19"]
[WhiteElo "1227"]
[BlackElo "1465"]
[PlyCount "95"]
[WhiteFideId "16287177"]
[BlackFideId "16218582"]
[EventCountry "GER"]
[EventRounds "11"]
[EventType "swiss"]
[EventDate "2019.06.08"]

1. e4 e5 2. Nf3 Nc6 3. Bb5 Nge7 4. d3 g6 5. Be3 Bg7 6. Nc3 O-O 7. O-O d5 8.
exd5 Nxd5 9. Nxd5 Qxd5 10. Bc4 Qd6 11. c3 Bg4 12. h3 Be6 13. b4 Bxc4 14. dxc4
Qxd1 15. Rfxd1 e4 16. Nd4 Bxd4 17. Bxd4 Nxd4 18. cxd4 f5 19. Re1 Rae8 20. Rac1
f4 21. Rc3 Rf7 22. Ra3 a6 23. b5 axb5 24. cxb5 h5 25. Ra7 b6 26. Ra4 g5 27. d5
e3 28. Ra3 Rfe7 29. Rc3 g4 30. hxg4 hxg4 31. fxe3 fxe3 32. Rc4 Rg7 33. Kh2 g3+
34. Kh3 Re5 35. Rg4 Rh5+ 36. Kxg3 Rxg4+ 37. Kxg4 Rxd5 38. Rxe3 Rxb5 39. Rc3 c5
40. Rb3 Ra5 41. Rxb6 Rxa2 42. Rc6 Rxg2+ 43. Kf3 Rc2 44. Ke3 Kf7 45. Kd3 Rc1 46.
Kd2 Rc4 47. Kd3 Rc1 48. Kd2 1/2-1/2

[Event "DEM U10 2019"]
[Site "Willingen GER"]
[Date "2019.06.12"]
[Round "7"]
[White "Möller, Tom"]
[Black "Brügmann, Nick"]
[Result "1-0"]
[Termination "normal"]
[Board "20"]
[WhiteElo "1229"]
[BlackElo "1415"]
[PlyCount "65"]
[WhiteFideId "16287215"]
[BlackFideId "16287126"]
[EventCountry "GER"]
[EventRounds "11"]
[EventType "swiss"]
[EventDate "2019.06.08"]

1. d4 e6 2. Nc3 d5 3. Bf4 Nf6 4. e3 Bb4 5. Bd3 c5 6. f3 O-O 7. a3 Bxc3+ 8. bxc3
c4 9. Bf1 Nc6 10. Ne2 Nh5 11. Kf2 Nxf4 12. Nxf4 Qa5 13. Qd2 Qb6 14. Be2 a6 15.
e4 Qd8 16. Rhd1 b5 17. Kg1 Re8 18. Re1 Bb7 19. Reb1 Rb8 20. Ra2 Ra8 21. Kh1
dxe4 22. fxe4 Na7 23. Bf3 Qc7 24. e5 Bxf3 25. gxf3 Red8 26. Qg2 Qe7 27. Rg1 Qf8
28. Nh5 g6 29. Nf6+ Kh8 30. Qh3 Qg7 31. Rg4 Nc6 32. Rh4 h5 33. Rxh5+ 1-0

[Event "DEM U10 2019"]
[Site "Willingen GER"]
[Date "2019.06.12"]
[Round "7"]
[White "Shkundin, Maximilian"]
[Black "Yue, Qihang"]
[Result "1-0"]
[Termination "normal"]
[Board "21"]
[WhiteElo "1224"]
[BlackElo "1354"]
[PlyCount "173"]
[WhiteFideId "16287258"]
[BlackFideId "16278968"]
[EventCountry "GER"]
[EventRounds "11"]
[EventType "swiss"]
[EventDate "2019.06.08"]

1. e4 e5 2. Nf3 Nc6 3. d4 exd4 4. Bc4 Bb4+ 5. c3 Bc5 6. Ng5 Nh6 7. Nxf7 Nxf7 8.
Bxf7+ Kxf7 9. Qh5+ g6 10. Qxc5 dxc3 11. Nxc3 d6 12. Qe3 Nb4 13. Qe2 Nc6 14. O-O
Be6 15. Qf3+ Qf6 16. Qg3 h6 17. Re1 a6 18. Re3 Ne5 19. Bd2 Ke8 20. Nd5 Qf7 21.
Bc3 Bxd5 22. exd5 Kd7 23. Bxe5 dxe5 24. Rxe5 Rhe8 25. Rc1 Rxe5 26. Qxe5 Rc8 27.
h3 Qe7 28. Qf4 h5 29. Kf1 c5 30. dxc6+ Rxc6 31. Rxc6 Kxc6 32. Qe3 Qxe3 33. fxe3
Kd5 34. Ke2 Ke4 35. Kf2 g5 36. Ke2 b6 37. Kd2 g4 38. hxg4 hxg4 39. Ke2 b5 40.
Kd2 a5 41. Ke2 b4 42. b3 g3 43. Kd2 Kd5 44. Kd3 Ke5 45. e4 Kd6 46. Kd4 Ke6 47.
e5 Kd7 48. Kd5 Ke7 49. e6 Ke8 50. Ke5 Ke7 51. Kf5 Ke8 52. Kf4 Ke7 53. Kxg3 Kxe6
54. Kf4 Kf6 55. g4 Kg6 56. g5 Kg7 57. Kf5 Kf7 58. g6+ Kg7 59. Kg5 Kg8 60. Kf6
Kf8 61. g7+ Kg8 62. Ke5 Kxg7 63. Kd5 Kf6 64. Kc5 Ke5 65. Kb5 Kd4 66. Kxa5 Kc3
67. Ka4 Kb2 68. Kxb4 Kxa2 69. Ka4 Kb2 70. b4 Kc3 71. b5 Kc4 72. b6 Kc5 73. b7
Kd5 74. b8=Q Ke4 75. Qd8 Ke5 76. Kb4 Ke4 77. Kc4 Ke5 78. Qd5+ Kf4 79. Qe6 Kf3
80. Kd3 Kf4 81. Kd4 Kf3 82. Qe4+ Kg3 83. Qf5 Kh4 84. Qg6 Kh3 85. Ke3 Kh2 86.
Kf2 Kh3 87. Qg3# 1-0

[Event "DEM U10 2019"]
[Site "Willingen GER"]
[Date "2019.06.12"]
[Round "7"]
[White "Birkenheier, Nicolas"]
[Black "Gärtner, Alessandro"]
[Result "0-1"]
[Termination "normal"]
[Board "22"]
[WhiteElo "1160"]
[BlackElo "1233"]
[PlyCount "98"]
[WhiteFideId "16287100"]
[BlackFideId "16268024"]
[EventCountry "GER"]
[EventRounds "11"]
[EventType "swiss"]
[EventDate "2019.06.08"]

1. e4 c5 2. Nf3 Nc6 3. Bb5 g6 4. Bxc6 dxc6 5. d3 Bg7 6. Nc3 Nf6 7. h3 O-O 8.
Be3 b6 9. Qd2 e5 10. Bh6 Qd6 11. Bxg7 Kxg7 12. O-O Bd7 13. Rfe1 a5 14. a4 b5
15. Qg5 Rfe8 16. b3 h6 17. Qe3 b4 18. Ne2 Nh7 19. Ng3 Nf8 20. Nh4 Qf6 21. Nf3
Ne6 22. Rac1 Nd4 23. Nxd4 cxd4 24. Qe2 h5 25. Nf1 Qg5 26. Qf3 Re6 27. Qg3 Qxg3
28. Nxg3 h4 29. Ne2 g5 30. Kh2 Rg6 31. g4 hxg3+ 32. fxg3 Rh6 33. Ng1 Rah8 34.
Rf1 Bxh3 35. Nxh3 Rxh3+ 36. Kg2 g4 37. Kf2 Rh2+ 38. Ke1 Rg2 39. Ra1 Rxg3 40.
Kd1 Rgh3 41. Kc1 Rh1 42. Rxh1 Rxh1+ 43. Kb2 Rxa1 44. Kxa1 g3 45. Ka2 g2 46. c3
dxc3 47. Kb1 g1=Q+ 48. Ka2 Qf2+ 49. Kb1 Qb2# 0-1

[Event "DEM U10 2019"]
[Site "Willingen GER"]
[Date "2019.06.12"]
[Round "7"]
[White "Bock, Leonas"]
[Black "Huang, Luca Hanson"]
[Result "1-0"]
[Termination "normal"]
[Board "23"]
[WhiteElo "1363"]
[BlackElo "1261"]
[PlyCount "109"]
[WhiteFideId "16287118"]
[BlackFideId "16279182"]
[EventCountry "GER"]
[EventRounds "11"]
[EventType "swiss"]
[EventDate "2019.06.08"]

1. b3 e5 2. Bb2 Nc6 3. e3 d5 4. Bb5 f6 5. Nf3 Bd7 6. O-O e4 7. Nd4 Nxd4 8.
Bxd7+ Qxd7 9. Bxd4 Bd6 10. Qe2 Ne7 11. d3 a6 12. Nd2 f5 13. f4 Rg8 14. Qh5+ g6
15. Qxh7 O-O-O 16. Qh4 Nc6 17. Bb2 Nb4 18. dxe4 dxe4 19. Rfc1 Be7 20. Qf2 Qxd2
21. Qxd2 Rxd2 22. Be5 Rxc2 23. Rxc2 Nxc2 24. Rc1 Nxe3 25. Rxc7+ Kd8 26. Rxb7
Bc5 27. Rb8+ Ke7 28. Rxg8 Kf7 29. Rg7+ Kf8 30. Rxg6 a5 31. Bd6+ Bxd6 32. Rxd6
Ke7 33. Ra6 Kd7 34. Rxa5 Ke6 35. Re5+ Kf6 36. a4 Nc2 37. a5 Nb4 38. Kf2 Nd3+
39. Ke3 Nxe5 40. fxe5+ Kxe5 41. a6 f4+ 42. Ke2 Kd4 43. a7 f3+ 44. gxf3 exf3+
45. Kxf3 Kc3 46. a8=Q Kxb3 47. Qc6 Kb4 48. Ke3 Kb3 49. Kd3 Kb4 50. Qc4+ Ka5 51.
Qb3 Ka6 52. Kc4 Ka7 53. Kc5 Ka8 54. Kc6 Ka7 55. Qb7# 1-0

[Event "DEM U10 2019"]
[Site "Willingen GER"]
[Date "2019.06.12"]
[Round "7"]
[White "Yang, Marco"]
[Black "Herrmann, Jakob"]
[Result "0-1"]
[Termination "normal"]
[Board "24"]
[WhiteElo "1278"]
[BlackElo "1124"]
[PlyCount "90"]
[WhiteFideId "16254260"]
[BlackFideId "16287169"]
[EventCountry "GER"]
[EventRounds "11"]
[EventType "swiss"]
[EventDate "2019.06.08"]

1. e4 c6 2. d4 d5 3. Nc3 dxe4 4. Nxe4 Bf5 5. Ng3 Bg6 6. h4 h6 7. h5 Bh7 8. Bd3
Bxd3 9. Qxd3 e6 10. Nf3 Nd7 11. Bf4 Qa5+ 12. Bd2 Qc7 13. O-O-O Ngf6 14. Ne4 Be7
15. g3 O-O-O 16. Bf4 Qb6 17. Nd6+ Bxd6 18. Bxd6 Qa5 19. Kb1 Nxh5 20. d5 Nc5 21.
Bxc5 Rxd5 22. b4 Rxd3 23. bxa5 Rxf3 24. Bxa7 Nf6 25. Rd4 Rxf2 26. Rhd1 Rf5 27.
Bb6 Rd5 28. c4 Rxd4 29. Rxd4 Nd7 30. a4 Nxb6 31. axb6 Rd8 32. Rg4 g5 33. Kc2 f5
34. c5 fxg4 35. Kc3 h5 36. a5 h4 37. Kb4 hxg3 38. a6 bxa6 39. Ka5 Kb7 40. Ka4
g2 41. Ka5 g1=Q 42. Kb4 Qc1 43. Kb3 Rd2 44. Ka4 Rb2 45. Ka3 Qa1# 0-1

[Event "DEM U10 2019"]
[Site "Willingen GER"]
[Date "2019.06.12"]
[Round "7"]
[White "Buchinger, Alexis"]
[Black "Theviot, Luca"]
[Result "1-0"]
[Termination "normal"]
[Board "25"]
[WhiteElo "1291"]
[BlackElo "1276"]
[PlyCount "59"]
[WhiteFideId "16287134"]
[BlackFideId "16277449"]
[EventCountry "GER"]
[EventRounds "11"]
[EventType "swiss"]
[EventDate "2019.06.08"]

1. d4 d5 2. c4 dxc4 3. e3 e5 4. Bxc4 exd4 5. exd4 Nf6 6. Nf3 Bd6 7. O-O O-O 8.
Bg5 h6 9. Bh4 a6 10. Nc3 Be7 11. Re1 b5 12. Bb3 Nbd7 13. Ne5 Nxe5 14. dxe5 Nh7
15. Bxe7 Qxe7 16. Qf3 Be6 17. Bc2 Ng5 18. Qd3 Rad8 19. Qe3 Nh7 20. Qe4 g6 21.
Qf3 Kg7 22. Bb3 Rde8 23. Nd5 Bxd5 24. Bxd5 Ng5 25. Qc3 Ne6 26. Bb7 Nc5 27. e6+
Kh7 28. exf7 Qxf7 29. Qxc5 Qxa2 30. Qxf8 1-0

[Event "DEM U10 2019"]
[Site "Willingen GER"]
[Date "2019.06.12"]
[Round "7"]
[White "Jumah, Shayan"]
[Black "Barthel, Jacob"]
[Result "1/2-1/2"]
[Termination "normal"]
[Board "26"]
[WhiteElo "1295"]
[BlackElo "1150"]
[PlyCount "96"]
[WhiteFideId "16281888"]
[BlackFideId "16273346"]
[EventCountry "GER"]
[EventRounds "11"]
[EventType "swiss"]
[EventDate "2019.06.08"]

1. e4 e5 2. Nf3 Nc6 3. Bb5 a6 4. Ba4 Nf6 5. d3 b5 6. Bb3 Be7 7. Bg5 h6 8. Bh4
g5 9. Bg3 d6 10. Ng1 Na5 11. Nd2 Nxb3 12. Nxb3 c5 13. Ne2 Bd7 14. Qd2 a5 15. f3
a4 16. Nbc1 Rg8 17. h3 h5 18. Bf2 Be6 19. g4 h4 20. Rf1 d5 21. Bg1 Nd7 22. Bf2
f6 23. Ng1 Nb6 24. Qd1 Qc7 25. c3 Rd8 26. d4 dxe4 27. fxe4 cxd4 28. cxd4 exd4
29. a3 d3 30. Nf3 Bc4 31. Rg1 Bc5 32. Bxc5 Qxc5 33. Qd2 Rg7 34. b4 Qc6 35. Qe3
Re7 36. Kd2 Rxe4 37. Qxe4+ Qxe4 38. Re1 Qxe1+ 39. Nxe1 Nd5 40. Ng2 Ke7 41. Na2
Bb3 42. Re1+ Kf7 43. Nc1 Bc2 44. Re4 Nc7 45. Re3 Ne6 46. Nxd3 Bxd3 47. Rxd3
Rxd3+ 48. Kxd3 Ke7 1/2-1/2

[Event "DEM U10 2019"]
[Site "Willingen GER"]
[Date "2019.06.12"]
[Round "7"]
[White "Mühlbauer, Adrian"]
[Black "Brandt, Mattis"]
[Result "1/2-1/2"]
[Termination "normal"]
[Board "27"]
[WhiteElo "1193"]
[BlackElo "1359"]
[PlyCount "44"]
[WhiteFideId "16287223"]
[BlackFideId "16267397"]
[EventCountry "GER"]
[EventRounds "11"]
[EventType "swiss"]
[EventDate "2019.06.08"]

1. e4 c5 2. Nc3 e6 3. f4 d5 4. d3 Nc6 5. Nf3 Be7 6. Be2 d4 7. Nb1 Bd7 8. O-O
Nh6 9. Qe1 f6 10. Qg3 O-O 11. f5 Nf7 12. Nh4 Nb4 13. Na3 e5 14. c3 dxc3 15.
bxc3 Nc6 16. Bd2 b5 17. Nc2 a5 18. Ne3 b4 19. c4 a4 20. Ng4 Nd4 21. Bd1 b3 22.
Bc3 Bc6 1/2-1/2

[Event "DEM U10 2019"]
[Site "Willingen GER"]
[Date "2019.06.12"]
[Round "7"]
[White "Lumma, Justus"]
[Black "Detjen, Mattes"]
[Result "1/2-1/2"]
[Termination "normal"]
[Board "28"]
[WhiteElo "1077"]
[BlackElo "1296"]
[PlyCount "57"]
[WhiteFideId "16287193"]
[BlackFideId "16235690"]
[EventCountry "GER"]
[EventRounds "11"]
[EventType "swiss"]
[EventDate "2019.06.08"]

1. e4 d5 2. exd5 Nf6 3. d6 Qxd6 4. Nf3 Bg4 5. Be2 Nc6 6. Nc3 e5 7. O-O Be7 8.
d3 O-O 9. Bg5 h6 10. Bh4 Rad8 11. h3 Bh5 12. Qd2 Rfe8 13. Rfe1 e4 14. Nh2 exd3
15. cxd3 Bxe2 16. Rxe2 Qxd3 17. Qxd3 Rxd3 18. Bxf6 gxf6 19. Ng4 Kg7 20. Nb5
Red8 21. Ne3 Nd4 22. Nxd4 R3xd4 23. Nf5+ Kf8 24. Nxd4 Rxd4 25. Rae1 Rd7 26. Re4
b6 27. Rh4 Kg7 28. Kh2 Bd6+ 29. g3 1/2-1/2

[Event "DEM U10 2019"]
[Site "Willingen GER"]
[Date "2019.06.13"]
[Round "8"]
[White "Sommer, Justus"]
[Black "Grabs, Peter"]
[Result "1/2-1/2"]
[Termination "normal"]
[Board "2"]
[BlackTitle "CM"]
[WhiteElo "1684"]
[BlackElo "1575"]
[WhiteClock "00:12:49"]
[BlackClock "00:01:22"]
[PlyCount "118"]
[WhiteFideId "16245008"]
[BlackFideId "16203887"]
[EventCountry "GER"]
[EventRounds "11"]
[EventType "swiss"]
[EventDate "2019.06.08"]

1. e4 {[%clk 1:15:26]} 1... e6 {[%clk 1:15:58]} 2. d4 {[%clk 1:15:47]} 2... d5
{[%clk 1:16:26]} 3. Nc3 {[%clk 1:16:09]} 3... Bb4 {[%clk 1:16:51]} 4. Nge2 {
[%clk 1:16:32]} 4... Nf6 {[%clk 1:17:02]} 5. Bg5 {[%clk 1:16:50]} 5... h6 {
[%clk 1:12:13]} 6. Bxf6 {[%clk 1:15:45]} 6... Qxf6 {[%clk 1:11:11]} 7. a3 {
[%clk 1:15:15]} 7... Bxc3+ {[%clk 0:59:03]} 8. Nxc3 {[%clk 1:15:32]} 8... dxe4
{[%clk 0:59:27]} 9. Nxe4 {[%clk 1:15:44]} 9... Qe7 {[%clk 0:59:48]} 10. Bd3 {
[%clk 1:10:42]} 10... O-O {[%clk 0:57:55]} 11. O-O {[%clk 1:10:24]} 11... Nd7 {
[%clk 0:56:37]} 12. c3 {[%clk 1:06:26]} 12... b6 {[%clk 0:47:55]} 13. Bc2 {
[%clk 1:03:53]} 13... Bb7 {[%clk 0:26:05]} 14. Qd3 {[%clk 0:56:25]} 14... Bxe4
{[%clk 0:23:02]} 15. Qxe4 {[%clk 0:54:14]} 15... Nf6 {[%clk 0:23:01]} 16. Qf3 {
[%clk 0:54:25]} 16... Rfd8 {[%clk 0:22:48]} 17. Rfe1 {[%clk 0:52:24]} 17... c5
{[%clk 0:20:01]} 18. Rad1 {[%clk 0:49:42]} 18... cxd4 {[%clk 0:19:44]} 19. Rxd4
{[%clk 0:49:55]} 19... Rxd4 {[%clk 0:19:09]} 20. Qxa8+ {[%clk 0:50:15]} 20...
Rd8 {[%clk 0:19:35]} 21. Qf3 {[%clk 0:50:22]} 21... Rd2 {[%clk 0:13:39]} 22.
Re2 {[%clk 0:48:12]} 22... Rxe2 {[%clk 0:13:42]} 23. Qxe2 {[%clk 0:48:30]}
23... Qd6 {[%clk 0:13:55]} 24. h3 {[%clk 0:48:45]} 24... Kf8 {[%clk 0:13:00]}
25. Ba4 {[%clk 0:39:35]} 25... Qf4 {[%clk 0:11:48]} 26. Bc6 {[%clk 0:32:47]}
26... Qc1+ {[%clk 0:10:19]} 27. Kh2 {[%clk 0:33:03]} 27... Qf4+ {[%clk 0:10:43]
} 28. g3 {[%clk 0:33:24]} 28... Qc7 {[%clk 0:10:16]} 29. Bg2 {[%clk 0:33:28]}
29... Ke7 {[%clk 0:10:31]} 30. c4 {[%clk 0:31:41]} 30... a5 {[%clk 0:07:49]}
31. Qd3 {[%clk 0:24:07]} 31... Qc5 {[%clk 0:07:13]} 32. f4 {[%clk 0:24:08]}
32... Qd6 {[%clk 0:06:48]} 33. Qc3 {[%clk 0:23:29]} 33... Qc7 {[%clk 0:03:51]}
34. b4 {[%clk 0:22:27]} 34... axb4 {[%clk 0:03:51]} 35. axb4 {[%clk 0:22:45]}
35... g6 {[%clk 0:01:50]} 36. c5 {[%clk 0:20:35]} 36... bxc5 {[%clk 0:02:08]}
37. bxc5 {[%clk 0:20:54]} 37... h5 {[%clk 0:02:10]} 38. Qa3 {[%clk 0:19:35]}
38... h4 {[%clk 0:01:25]} 39. c6+ {[%clk 0:19:49]} 39... Ke8 {[%clk 0:01:26]}
40. Qa8+ {[%clk 0:16:56]} 40... Ke7 {[%clk 0:01:46]} 41. Qb7 {[%clk 0:07:41]}
41... hxg3+ {[%clk 0:01:18]} 42. Kxg3 {[%clk 0:07:45]} 42... Nh5+ { [%clk
0:00:45]} 43. Kf3 {[%clk 0:07:35]} 43... Kd8 {[%clk 0:14:08]} 44. Qxc7+ { [%clk
0:22:19]} 44... Kxc7 {[%clk 0:14:22]} 45. Ke3 {[%clk 0:19:57]} 45... Kd6 {[%clk
0:13:16]} 46. Bf3 {[%clk 0:17:07]} 46... Nf6 {[%clk 0:02:23]} 47. Bg2 { [%clk
0:16:22]} 47... Nd5+ {[%clk 0:02:31]} 48. Ke4 {[%clk 0:15:27]} 48... f5+ {[%clk
0:01:18]} 49. Kf3 {[%clk 0:15:24]} 49... Kxc6 {[%clk 0:01:37]} 50. Bf1 { [%clk
0:15:11]} 50... Kd7 {[%clk 0:01:40]} 51. Bb5+ {[%clk 0:15:28]} 51... Ke7 {[%clk
0:02:01]} 52. h4 {[%clk 0:14:40]} 52... Kf6 {[%clk 0:01:23]} 53. Bc4 { [%clk
0:14:35]} 53... Kg7 {[%clk 0:01:15]} 54. Ba6 {[%clk 0:13:44]} 54... Nc7 { [%clk
0:01:00]} 55. Be2 {[%clk 0:13:40]} 55... Kh6 {[%clk 0:01:09]} 56. Bc4 { [%clk
0:12:38]} 56... Kh5 {[%clk 0:01:17]} 57. Kg3 {[%clk 0:13:00]} 57... Nd5 { [%clk
0:01:00]} 58. Be2+ {[%clk 0:13:09]} 58... Kh6 {[%clk 0:01:22]} 59. Bc4 { [%clk
0:12:49]} 59... Nc7 1/2-1/2

[Event "DEM U10 2019"]
[Site "Willingen GER"]
[Date "2019.06.13"]
[Round "8"]
[White "Besou, Hussain"]
[Black "Huber, Benedikt Thomas"]
[Result "1-0"]
[Termination "normal"]
[Board "3"]
[WhiteElo "1789"]
[BlackElo "1441"]
[WhiteClock "00:51:50"]
[BlackClock "00:18:51"]
[PlyCount "139"]
[WhiteFideId "16269950"]
[BlackFideId "16281225"]
[EventCountry "GER"]
[EventRounds "11"]
[EventType "swiss"]
[EventDate "2019.06.08"]

1. e4 {[%clk 1:15:58]} 1... e5 {[%clk 1:15:56]} 2. Nf3 {[%clk 1:16:20]} 2...
Nc6 {[%clk 1:16:24]} 3. Bb5 {[%clk 1:16:42]} 3... a6 {[%clk 1:16:40]} 4. Ba4 {
[%clk 1:17:05]} 4... d6 {[%clk 1:17:05]} 5. O-O {[%clk 1:16:59]} 5... Bg4 {
[%clk 1:17:19]} 6. h3 {[%clk 1:17:00]} 6... h5 {[%clk 1:17:00]} 7. c3 { [%clk
1:17:04]} 7... Qf6 {[%clk 1:15:23]} 8. d3 {[%clk 1:13:15]} 8... Bxf3 { [%clk
1:15:20]} 9. Qxf3 {[%clk 1:13:39]} 9... Qxf3 {[%clk 1:14:59]} 10. gxf3 { [%clk
1:14:04]} 10... f6 {[%clk 1:14:17]} 11. f4 {[%clk 1:13:28]} 11... exf4 { [%clk
1:13:06]} 12. Bxf4 {[%clk 1:13:46]} 12... g5 {[%clk 1:12:58]} 13. Be3 { [%clk
1:13:56]} 13... Nge7 {[%clk 1:09:44]} 14. f4 {[%clk 1:12:46]} 14... Bh6 { [%clk
1:03:13]} 15. Nd2 {[%clk 1:03:21]} 15... Rg8 {[%clk 1:01:51]} 16. f5 { [%clk
1:03:02]} 16... Kd7 {[%clk 0:59:55]} 17. Bb3 {[%clk 1:02:45]} 17... Rh8 { [%clk
0:56:02]} 18. Be6+ {[%clk 1:01:56]} 18... Ke8 {[%clk 0:55:24]} 19. d4 { [%clk
1:00:51]} 19... g4 {[%clk 0:52:27]} 20. Bxh6 {[%clk 1:01:13]} 20... Rxh6 {[%clk
0:52:42]} 21. hxg4 {[%clk 1:01:30]} 21... hxg4 {[%clk 0:52:13]} 22. Rf4 {[%clk
1:01:43]} 22... Nd8 {[%clk 0:44:38]} 23. Raf1 {[%clk 1:01:29]} 23... g3 {[%clk
0:42:09]} 24. Nf3 {[%clk 0:56:46]} 24... Nxe6 {[%clk 0:39:45]} 25. fxe6 {[%clk
0:54:49]} 25... d5 {[%clk 0:35:48]} 26. e5 {[%clk 0:52:46]} 26... g2 { [%clk
0:33:08]} 27. Kxg2 {[%clk 0:52:47]} 27... Rg6+ {[%clk 0:32:32]} 28. Kh3 { [%clk
0:51:59]} 28... fxe5 {[%clk 0:25:47]} 29. Nxe5 {[%clk 0:52:16]} 29... Rh6+
{[%clk 0:24:42]} 30. Kg2 {[%clk 0:51:18]} 30... Ng6 {[%clk 0:23:42]} 31. Rf6
{[%clk 0:51:16]} 31... Nh4+ {[%clk 0:22:37]} 32. Kg3 {[%clk 0:51:29]} 32... Rh8
{[%clk 0:21:13]} 33. R6f4 {[%clk 0:51:32]} 33... Ke7 {[%clk 0:18:32]} 34. Rxh4
{[%clk 0:51:13]} 34... Rag8+ {[%clk 0:18:13]} 35. Kh3 {[%clk 0:51:13]} 35...
Kxe6 {[%clk 0:17:52]} 36. Rxh8 {[%clk 0:51:01]} 36... Rxh8+ { [%clk 0:18:14]}
37. Kg4 {[%clk 0:51:12]} 37... Rg8+ {[%clk 0:18:31]} 38. Kh5 { [%clk 0:51:24]}
38... Rg2 {[%clk 0:18:03]} 39. Nd3 {[%clk 0:51:13]} 39... Kd6 { [%clk 0:17:25]}
40. Re1 {[%clk 0:48:46]} 40... Rd2 {[%clk 0:17:24]} 41. Nc5 { [%clk 0:48:44]}
41... Kc6 {[%clk 0:16:34]} 42. a4 {[%clk 0:45:55]} 42... Kb6 { [%clk 0:16:02]}
43. b4 {[%clk 0:45:37]} 43... Rh2+ {[%clk 0:15:42]} 44. Kg5 { [%clk 0:45:14]}
44... Rh3 {[%clk 0:15:27]} 45. Re6+ {[%clk 0:44:49]} 45... Ka7 {[%clk 0:15:50]}
46. Re7 {[%clk 0:44:58]} 46... Rh8 {[%clk 0:14:21]} 47. Rxc7 { [%clk 0:45:13]}
47... Rb8 {[%clk 0:14:35]} 48. a5 {[%clk 0:45:18]} 48... Ka8 { [%clk 0:13:49]}
49. Kf6 {[%clk 0:44:57]} 49... Rf8+ {[%clk 0:13:34]} 50. Ke5 { [%clk 0:44:58]}
50... Re8+ {[%clk 0:13:24]} 51. Kxd5 {[%clk 0:45:15]} 51... Rb8 {[%clk
0:13:32]} 52. Rxb7 {[%clk 0:45:28]} 52... Rxb7 {[%clk 0:13:55]} 53. Nxb7 {[%clk
0:45:53]} 53... Kxb7 {[%clk 0:14:18]} 54. c4 {[%clk 0:46:19]} 54... Kc7 {[%clk
0:14:36]} 55. b5 {[%clk 0:46:35]} 55... Kb7 {[%clk 0:14:17]} 56. Kc5 { [%clk
0:46:55]} 56... Ka7 {[%clk 0:14:41]} 57. d5 {[%clk 0:47:19]} 57... Kb7 { [%clk
0:14:51]} 58. d6 {[%clk 0:47:42]} 58... axb5 {[%clk 0:15:14]} 59. cxb5 { [%clk
0:48:06]} 59... Kc8 {[%clk 0:15:39]} 60. Kc6 {[%clk 0:48:30]} 60... Kb8 { [%clk
0:15:46]} 61. b6 {[%clk 0:48:39]} 61... Kc8 {[%clk 0:15:58]} 62. d7+ { [%clk
0:49:01]} 62... Kd8 {[%clk 0:16:16]} 63. b7 {[%clk 0:49:24]} 63... Ke7 { [%clk
0:16:41]} 64. b8=Q {[%clk 0:49:43]} 64... Ke6 {[%clk 0:17:01]} 65. d8=Q { [%clk
0:50:06]} 65... Kf5 {[%clk 0:17:24]} 66. Qf8+ {[%clk 0:50:24]} 66... Ke4 {[%clk
0:17:47]} 67. Qbb4+ {[%clk 0:50:44]} 67... Kd3 68. Qf3+ {[%clk 0:51:08]} 68...
Kc2 {[%clk 0:18:25]} 69. Qe2+ {[%clk 0:51:28]} 69... Kc1 {[%clk 0:18:51]} 70.
Qbb2# {[%clk 0:51:50]} 1-0